Historia de los reyes de Britania / (Record no. 184436)

MARC details
000 -LEADER
campo de control de longitud fija 00896nam a2200241 i 4500
001 - NÚMERO DE CONTROL
campo de control 184436
003 - IDENTIFICADOR DE NÚMERO DE CONTROL
campo de control ES-MaACL
005 - FECHA Y HORA DE LA ÚLTIMA TRANSACCIÓN
campo de control 20250618124654.0
008 - DATOS DE LONGITUD FIJA--INFORMACIÓN GENERAL
campo de control de longitud fija 150826s1984 sp |||| | spa d
020 ## - NÚMERO INTERNACIONAL ESTÁNDAR DEL LIBRO
Número Internacional Estándar del Libro 84-276-0671-0
080 ## - NÚMERO DE LA CLASIFICACIÓN DECIMAL UNIVERSAL
Número de la Clasificación Decimal Universal 871-392"11"
100 0# - ENTRADA PRINCIPAL--NOMBRE DE PERSONA
Nombre de persona Geoffrey of Monmouth.
9 (RLIN) 157316
245 10 - MENCIÓN DEL TÍTULO
Título Historia de los reyes de Britania /
Mención de responsabilidad, etc. Geoffrey de Monmouth ; edición preparada por Luis Alberto de Cuenca.
260 ## - PUBLICACIÓN, DISTRIBUCIÓN, ETC.
Lugar de publicación, distribución, etc. Madrid :
Nombre del editor, distribuidor, etc. Editora Nacional,
Fecha de publicación, distribución, etc. [1984]
300 ## - DESCRIPCIÓN FÍSICA
Extensión 318 p. ;
Dimensiones 18 cm.
490 1# - MENCIÓN DE SERIE
Mención de serie Biblioteca de la literatura y el pensamiento universales ;
Designación de volumen o secuencia 61
500 ## - NOTA GENERAL
Nota general Índice onomástico.
504 ## - NOTA DE BIBLIOGRAFÍA, ETC.
Nota de bibliografía, etc. Bibliografía: p. [17]-18.
700 1# - ENTRADA AGREGADA--NOMBRE PERSONAL
Nombre de persona Cuenca, Luis Alberto de,
Fechas asociadas al nombre 1950-
9 (RLIN) 240908
830 0# - PUNTO DE ACCESO ADICIONAL DE SERIE-TÍTULO UNIFORME
Título uniforme Biblioteca de la literatura y el pensamiento universales ;
Designación de volumen o secuencia 61
9 (RLIN) 182217
852 ## - LOCALIZACIÓN
Ubicación ES-MaACL
Número de control de estantería L-30165
Nota libre . - Donat. Miguel A. Velasco
Holdings
Estatus retirado Estado de pérdida Estado de daño No para préstamo Biblioteca de origen Biblioteca actual Ubicación en estantería Fecha de adquisición Fuente de adquisición Total de préstamos Signatura topográfica completa Código de barras Visto por última vez Precio de reemplazo Tipo de ítem Koha
        Biblioteca del Ateneo de Madrid Biblioteca del Ateneo de Madrid Depósito 2 26/08/2015     L-30165 1194084 23/02/2023 23/02/2023 Libro impreso